| 000 | 00631nam a2200217Ia 4500 | ||
|---|---|---|---|
| 005 | 20250508151547.0 | ||
| 008 | 008 250505s9999 xx 000 0 eng d | ||
| 037 | _aTextBook | ||
| 040 |
_aFEDL _beng _cFEDL |
||
| 041 |
_aeng _2eng |
||
| 084 |
_a370.1, COU _qFEDL |
||
| 100 |
_aCoulter Charles W _9759504 |
||
| 245 | 0 | _aLayman's guide to educational therory | |
| 260 |
_aNew York, USA _bVan Nostrand Reinhold Company _c1955 |
||
| 300 | _axi,159p | ||
| 365 |
_aINR _b17.8 |
||
| 650 |
_aEducation-Theory _9662668 |
||
| 700 |
_a Rimanoczy Richard S _9759505 |
||
| 942 |
_cTB _h370.1, COU |
||
| 999 |
_c1330626 _d1330626 |
||